Organizacija stimulirovanija effektivnosti

Saved in:
Bibliographic Details
Main Author: Marosi, M.
Format: Book
Language:Russian
Published: Moskva Ekonomika 1981
Tags: Add Tag
No Tags, Be the first to tag this record!

MARC

LEADER 00000nam a2200000 4500
001 c125172
005 20231103121914.0
041 0 |a rus 
044 |a RU 
245 1 0 |a Organizacija stimulirovanija effektivnosti  |c M. Marosi 
264 1 |a Moskva  |b Ekonomika  |c 1981 
300 |a 206 s. 
100 1 |a Marosi, M.